MARC details
| 000 -LÍDER |
| campo de controle de tamanho fixo |
02395nam a22003134a 4500 |
| 001 - NÚMERO DE CONTROLE |
| campo de controle |
493 |
| 003 - IDENTIFICADOR DO NÚMERO DE CONTROLE |
| campo de controle |
OSt |
| 005 - DATA E HORÁRIO DA ÚLTIMA TRANSAÇÃO |
| campo de controle |
20260129101926.0 |
| 008 - CAMPO DE DADOS FIXOS--INFORMAÇÃO GERAL |
| campo de controle de tamanho fixo |
110919s2011 spb g 000 f por |
| 020 ## - ISBN - INTERNATIONAL STANDARD BOOK NUMBER |
| ISBN - International Standard Book Number |
9788580440270 |
| 040 ## - FONTE DA CATALOGAÇÃO |
| Idioma da catalogação |
por |
| 041 1# - CÓDIGO DE IDIOMA |
| Código do idioma do texto/trilha sonora ou título diferente |
por |
| Código do idioma do original e/ou traduções intermediárias do texto |
eng |
| 082 04 - CDD - CLASSIFICAÇÃO DECIMAL DE DEWEY |
| Número de Classificação |
813 |
| Número do exemplar |
M381f |
| 100 ## - ENTRADA PRINCIPAL--NOME PESSOAL |
| Nome pessoal |
Martin, George R. R., |
| Datas associadas ao nome |
1948- |
| 9 (RLIN) |
1062 |
| 240 02 - TÍTULO UNIFORME |
| Título uniforme |
A clash of kings. |
| 245 12 - TÍTULO |
| Título |
A fúria dos reis / |
| Indicação de responsabilidade, etc. |
George R. R. Martin ; tradução Jorge Candeias. |
| 260 ## - PUBLICAÇÃO, DISTRIBUIÇÃO, ETC. |
| Local de publicação, distribuição, etc. |
São Paulo : |
| Nome do editor, distribuidor, etc. |
Leya, |
| Data da publicação, distribuição, etc. |
2011. |
| 300 ## - DESCRIÇÃO FÍSICA |
| Extensão |
653p. ; |
| 490 1# - TÍTULO DA SÉRIE |
| Título da série |
(As crônicas de gelo e fogo ; |
| Número do volume ou designação sequencial da série |
2). |
| 520 ## - NOTA DE RESUMO, ETC. |
| Resumo, etc. |
De um dos maiores mestres da fantasia surge um épico magistral, poderoso como você jamais viu...Em 'A fúria dos Reis', o segundo livro da aclamada série As crônicas de gelo e fogo, George R. R. Martin segue a épica aventura nos Sete Reinos, onde muitos perigos e disputas ainda estão por vir. Além dos combates que se estendem por todos os lados, a ameaça agora também chega pelo céu! Mistério, intrigas, romance e aventura encherão as páginas deste livro, agora também um blockbuster da HBO! Quando um cometa vermelho cruza o céu de Westeros, os Sete Reinos estão em plena guerra civil. Os exércitos dos Stark e dos Lannister estão se preparando para o confronto final, e Stannis-irmão do falecido Rei Robert-, desejoso de possuir um exército que lute pela sua reivindicação ao trono, alia-se a uma misteriosa religião oriental. Porém, seu irmão mais novo também se proclama rei. E, enquanto isso, os Greyjoy planejam vingança contra todos os que os humilharam dez anos atrás. Ainda, no distante Leste, poderosos dragões estão prestes a chegar aos Sete Reinos, trazendo fogo e morte...Um perigo de proporções gigantescas, muito maior do que as grandes guerras! Nesta tão esperada sequência de A guerra dos tronos, George R. R. Martin cria uma obra de incrível poder e imaginação. A fúria dos reis nos transporta até um mundo de glória e vingança, de guerras e magia, onde poder e miséria podem se alterar no virar de uma página. Uma obra singular da literatura fantástica.<br/><br/><br/> |
| 650 00 - ASSUNTO--TERMO TÓPICO |
| Cabeçalho tópico ou nome geográfico |
Literatura Americana |
| 9 (RLIN) |
84 |
| 650 00 - ASSUNTO--TERMO TÓPICO |
| Cabeçalho tópico ou nome geográfico |
Fantasia Épica |
| 9 (RLIN) |
902 |
| 650 00 - ASSUNTO--TERMO TÓPICO |
| Cabeçalho tópico ou nome geográfico |
Reinos fictícios |
| 9 (RLIN) |
1065 |
| 655 #0 - TERMO DE ÍNDICE--GÊNERO E FORMA |
| Gênero/forma/ou termo foco |
Romance |
| 655 #0 - TERMO DE ÍNDICE--GÊNERO E FORMA |
| Gênero/forma/ou termo foco |
Ficção |
| 700 ## - ENTRADA ADICIONADA - NOME PESSOAL |
| Nome pessoal |
Candeias, Jorge, |
| Datas associadas ao nome |
1966- |
| 9 (RLIN) |
1064 |
| 830 ## - ENTRADA SECUNDÁRIA DE SÉRIE--TÍTULO UNIFORME |
| Título uniforme |
As crônicas de gelo e fogo |
| 9 (RLIN) |
1063 |
| 942 ## - ELEMENTOS DE ENTRADA ADICIONADOS (KOHA) |
| Fonte de classificação ou esquema de arquivamento |
Classificação decimal de Dewey |
| Ocultar no OPAC |
Não |
| Tipo de material Koha |
Livros |